| 000 | 02708nam a2200289Ia 4500 | ||
|---|---|---|---|
| 003 | OSt | ||
| 005 | 20250412143823.0 | ||
| 008 | 210716s2003 xx 000 0 und d | ||
| 020 | _a9789353162597 | ||
| 040 | _cAIMIT LIBRARY | ||
| 041 | _aeng | ||
| 082 |
_a339 _212 _bDORR |
||
| 100 |
_aDornbusch, Rudiger. _9127679 |
||
| 245 |
_aMacroeconomics / _cRudiger Dornbusch ,Stanley Fischer and Richard Startz. |
||
| 250 | _a12th ed. | ||
| 260 |
_aNew Delhi : _bTata McGraw Hill Publishing Company , _c2003. |
||
| 300 |
_axix,652p. ; _bPB _c23.7 cm |
||
| 500 | _aDornbusch, Fischer, and Startz has been a long-standing, leading intermediate macroeconomic theory text since its introduction in 1978. This revision retains most of the text's traditional features, including a middle-of-the-road approach and very current research, while updating and simplifying the exposition. A balanced approach explains both the potential and limitations of economic policy. Macroeconomics employs a model-based approach to macroeconomic analysis and demonstrates how various models are connected with the goal of giving students the capacity to analyze current economic issues in the context of an economic frame of reference. The only pre-requisite continues to be principles of economics. | ||
| 505 | _aPart 1 - Introduction and National Income Accounting Chapter 1 - Introduction Chapter 2 - National Income Accounting Part 2 - Growth, Aggregate Supply and Demand, and Policy Chapter 3 - Growth and Accumulation Chapter 4 - Growth and Policy Chapter 5 - Aggregate Supply and Demand Chapter 6 - Aggregate Supply and the Phillips Curve Chapter 7 - Unemployment Chapter 8 - Inflation Chapter 9 - Policy Preview Part 3 - First Models Chapter 10 - Income and Spending Chapter 11 - Money, Interest, and Income Chapter 12 - Monetary and Fiscal Policy Chapter 13 - International Linkages Part 4 - Behavioral Foundations Chapter 14 - Consumption and Saving Chapter 15 - Investment Spending Chapter 16 - The Demand for Money Chapter 17 - The Fed, Money, and Credit Chapter 18 - Policy Chapter 19 - Financial Markets and Asset Prices Chapter 20 - The National Debt Part 5 - Big Events, International Adjustments, and Advanced Topics Chapter 21 - Recession and Depression Chapter 22 - Inflation and Hyperinflation Chapter 23 - International Adjustment and Interdependence Chapter 24 - Advanced Topics | ||
| 650 |
_aEconomics _9127680 |
||
| 651 |
_aNational income accounting _9127681 |
||
| 651 |
_aGrowth and accumulation _9127682 |
||
| 651 |
_aAggregate supply and demand _9127683 |
||
| 700 |
_aFischer, Stanley. _9127684 |
||
| 700 |
_aStartz, Richard. _9127685 |
||
| 942 |
_2ddc _cBK _e12th _k339 DORR |
||
| 999 |
_c211024 _d211024 |
||